000 00477ntaaa2200193 4500
003 01
005 20251027202920.0
008 0714s1973 ag 01
040 _aAR-BaBN
_bspa
_cAR-BaBN
_eaacr
_dRIC
082 _a922.0000 R45
100 _aRilliet, Jean
_929643
245 _aZwingle
250 _a1 ed.
260 _aParis :
_bLibrairie Arthème Fayard,
_cc1959
300 _a317 p
650 _aReforme en Suiza-Swinglio
_929644
650 _aZwinglio
_912611
942 _cBK
999 _c24394
_d24394